Willy Wonka & the Chocolate Factory - Statistics

General Stats
  • This quiz has been taken 58 times
    53 since last reset
  • The average score is 4 of 5
Answer Stats
Answer % Correct
Augustus Gloop
90%
Charlie Bucket
87%
Veruca Salt
83%
Mike Teevee
80%
Violet Beauregarde
63%
No matching quizzes found
Score Distribution
Percent of People with Each Score
Percentile by Number Answered
Your Score History
You have not taken this quiz since the last reset